Premier Liga Teams 2025/26 - Statistics

General Stats
  • This quiz has been taken 2 times
  • The average score is 7 of 16
Answer Stats
Answer % Correct
CSKA Moscow
100%
FC Krasnodar
100%
Rubin Kazan
100%
Spartak Moscow
100%
Zenit St. Petersburg
100%
Baltika Kaliningrad
50%
Dinamo Makhachkala
50%
Dynamo Moscow
50%
Lokomotiv Moscow
50%
Akhmat Grozny
0%
Akron Tolyatti
0%
FC Orenburg
0%
FC Pari Nizhniy Novgorod
0%
FC Rostov
0%
FC Sochi
0%
Krylya Sovetov Samara
0%
No matching quizzes found
Score Distribution
Percent of People with Each Score
Percentile by Number Answered
Your Score History
You have not taken this quiz